00334nam a2200121Ia 4500008004100000041001200041100001500053245005200068260005500120300000800175650001500183700001400198221030s9999 xx 000 0 und d aEnglish aG. Halbach 0aLabour Law in Germanycby G. Halbach, N. Paland bFederal Ministry for Labour & Social Affairsc1991 a538 aLabour Law aN. Paland